000 00781nam a2200205Ii 4500
003 JO-AjNU
008 230605s9999||||xx |||||||||||||| ||und||
040 _aJO-AjNU
_bara
_erda
_cJO-AjNU
041 _aara
050 1 4 _aHM24 .R3 1989
100 3 _aتأليف رشوان، حسين عبدالحميد احمد,
_eauthor
_952747
245 0 0 _aميادين علم الاجتماع ومناهج البحث العلمي
250 _aط4
264 3 1 _aالاسكندرية:المكتب الجامعي الحديث، 1989
300 _a211ص
_bيحتوي على ببلوغرافية من 203-211ص
336 _atext
_btxt
_2rdacontent
337 _aunmediated
_bn
_2rdamedia
338 _avolume
_bnc
_2rdacarrier
650 4 _aعلم الاجتماع -مناهج البحث
_952748
999 _aA23384
_c26952
_d26952